THEMATIC MAPS; (Record no. 1945)

MARC details
000 -LEADER
fixed length control field 00291nam a22001097a 4500
008 - FIXED-LENGTH DATA ELEMENTS--GENERAL INFORMATION
fixed length control field 150902b xxu||||| |||| 00| 0 eng d
020 ## - INTERNATIONAL STANDARD BOOK NUMBER
International Standard Book Number 0416335004
082 ## -
Classification number 526 CUF.
100 ## - MAIN ENTRY--PERSONAL NAME
Personal name CUFF, DAVID J.
245 ## - TITLE STATEMENT
Title THEMATIC MAPS;
Remainder of title THEIR DESIGN AND PRODUCTION.
260 ## - PUBLICATION, DISTRIBUTION, ETC. (IMPRINT)
Place of publication, distribution, etc. NEW YORK.
Name of publisher, distributor, etc. METHUEN
Date of publication, distribution, etc. 1982

No items available.

IRDP © 2021 :: Managed by ICT Team